000 01299cam a2200289 i 4500
001 17045408
003 ARRUPE
005 20150327132623.0
008 111115s2012 ilu b 000 0 eng
010 _a 2011046895
020 _a9780829436891 (pbk)
020 _a0829436898 (pbk)
040 _aDLC
_beng
_cDLC
_erda
_dDLC
042 _apcc
050 0 0 _aBV4501.3
_b.P36 2012
082 0 0 _a248.4
_223
100 1 _aPaprocki, Joe.
_915799
245 1 0 _a7 keys to spiritual wellness :
_benriching your faith by strengthening the health of your soul /
_cJoe Paprocki, Dmin.
260 _aChicago :
_bLoyola Press,
_c[2012]
300 _axi, 117 pages ;
_c22 cm
504 _aIncludes bibliographical references (pages 115-117).
505 0 _aIntroduction -- Key one: seeing yourself as you really are -- Key two: actively seeking the good of others -- Key three: thinking before acting -- Key four: holding on loosely -- Key five: recognizing and setting limits -- Key six: seeking beauty -- Key seven: unleashing your imagination -- Conclusion: spiritual wellness equals holiness.
650 0 _aSpiritual life
_xChristianity.
_915800
906 _a7
_bcbc
_corignew
_d1
_eecip
_f20
_gy-gencatlg
942 _2lcc
_cMONOGRAPH
999 _c122277
_d122277